The Euro-dollar system : Practice and theory of international interest rates
সংরক্ষণ করুন:
| প্রধান লেখক: | |
|---|---|
| বিন্যাস: | গ্রন্থ |
| ভাষা: | Undetermined |
| প্রকাশিত: |
London
Macmillan St Martin's Press
1970
|
| বিষয়গুলি: | |
| ট্যাগগুলো: |
ট্যাগ যুক্ত করুন
কোনো ট্যাগ নেই, প্রথমজন হিসাবে ট্যাগ করুন!
|
| Thư viện lưu trữ: | Trung tâm Học liệu Trường Đại học Cần Thơ |
|---|
| LEADER | 00578nam a2200193Ia 4500 | ||
|---|---|---|---|
| 001 | CTU_81390 | ||
| 008 | 210402s9999 xx 000 0 und d | ||
| 082 | |a 332.4 | ||
| 082 | |b E35 | ||
| 100 | |a Einzig, Paul | ||
| 245 | 4 | |a The Euro-dollar system : | |
| 245 | 0 | |b Practice and theory of international interest rates | |
| 245 | 0 | |c Paul Einzig | |
| 260 | |a London | ||
| 260 | |b Macmillan St Martin's Press | ||
| 260 | |c 1970 | ||
| 650 | |a Banks and banking, international,Euro-dollar market | ||
| 904 | |i Trọng Hải | ||
| 980 | |a Trung tâm Học liệu Trường Đại học Cần Thơ | ||